000
00337nam a2200145Ia 4500
008
221030s9999 xx 000 0 und d
041
_a
English
082
_a
105.6
100
_a
Sunil Mehra /1123
245
0
_a
E - Crime
250
_a
2012
260
_b
INF WIZ CHANDIGARH
_a
INF WIZ CHANDIGARH
_c
2012
650
_a
MCA
942
_c
TH
999
_c
15834
_d
15834